• 首页
  • 本馆介绍
  • 公告通知
  • 最新文献
  • 馆藏检索
  • 电子资源
  • 读者导购
  • 参考咨询
  • 我的图书馆
  • 登录
  • 详细信息显示
  • 放入我的书架
  • 预约/预借图书
  • 作者相关作品
  • 分类相关作品
  • 丛书相关作品
  • 出版社相关作品

书目信息

  • 表格格式
  • 工作单格式
  • 卡片格式
题名:
新疆维吾尔木卡姆艺术/福建南音/贵州侗族大歌/朝鲜族农乐舞
    
 
作者: 于淼 , 于淼 编著
分册:  
出版信息: 长春   吉林出版集团有限责任公司  2014
页数: 159页
开本: 24cm
丛书名: 争奇斗艳的世界非物质文化遗产
单 册:
中图分类: J632.745 , J643.557 , J632
科图分类:
主题词: 维吾尔族--wei wu er zu--民族音乐--介绍--新疆 , 民间音乐--min jian yin le--介绍--福建省 , 侗族--dong zu--民歌--介绍--贵州省 , 朝鲜族--chao xian zu--民族歌舞--介绍--中国
电子资源:
ISBN: 978-7-5534-5104-6
000 01267nam 2200325 450
001 2335262657
005 20231109121540.91
010    @a978-7-5534-5104-6@dCNY45.00
100    @a20150421d2014 em y0chiy50 ea
101 0  @achi
102    @aCN@b220000
105    @aa z 000yy
200 1  @a新疆维吾尔木卡姆艺术/福建南音/贵州侗族大歌/朝鲜族农乐舞@Axin jiang wei wu er mu ka mu yi shu / fu jian nan yin / gui zhou dong zu da ge / chao xian zu nong le wu@f于淼
210    @a长春@c吉林出版集团有限责任公司@d2014
215    @a159页@c彩图@d24cm
225 2  @a争奇斗艳的世界非物质文化遗产@Azheng qi dou yan de shi jie fei wu zhi wen hua yi chan@e彩图版
314    @a责任者取自于版权页
330    @a本书讲述这四种民间音乐的表现形式,宛若镶嵌在中华音乐艺术史上的四颗明珠,熠熠生辉。
410  0 @12001 @a争奇斗艳的世界非物质文化遗产@e彩图版
606 0  @a维吾尔族@Awei wu er zu@x民族音乐@x介绍@y新疆
606 0  @a民间音乐@Amin jian yin le@x介绍@y福建省
606 0  @a侗族@Adong zu@x民歌@x介绍@y贵州省
606 0  @a朝鲜族@Achao xian zu@x民族歌舞@x介绍@y中国
690    @aJ632.745@v5
690    @aJ643.557@v5
690    @aJ632@v4
701  0 @a于淼@Ayu miao@4编著
701  0 @a于淼@Ayu miao
801  0 @aCN@b山东中教@c20230926
905    @aBZT@dJ632@e8
    
    新疆维吾尔木卡姆艺术/福建南音/贵州侗族大歌/朝鲜族农乐舞/于淼.-长春:吉林出版集团有限责任公司,2014
    159页:彩图;24cm.-(争奇斗艳的世界非物质文化遗产:彩图版)
    
    
    ISBN 978-7-5534-5104-6:CNY45.00
    本书讲述这四种民间音乐的表现形式,宛若镶嵌在中华音乐艺术史上的四颗明珠,熠熠生辉。
●
相关链接 在五车中查询图书 在当当中查询图书 在豆瓣中查询图书


正题名:新疆维吾尔木卡姆艺术/福建南音/贵州侗族大歌/朝鲜族农乐舞     索取号:J632/8         预约/预借

序号 登录号 条形码 馆藏地/架位号 状态 备注
1 2000954295   2000954295   第四书库/四35架A面2层2列/ [索取号:J632/8] 在馆    
2 2000954296   2000954296   第四书库/四35架A面2层2列/ [索取号:J632/8] 在馆    
3 2000954297   2000954297   第四书库/四35架A面2层2列/ [索取号:J632/8] 在馆    
4 2000954298   2000954298   第四书库/四35架A面2层2列/ [索取号:J632/8] 在馆    
5 2000954299   2000954299   第四书库/四35架A面2层2列/ [索取号:J632/8] 在馆    
6 2000954300   2000954300   第四书库/四35架A面2层2列/ [索取号:J632/8] 在馆    
山东省滨州职业学院图书馆 欢迎您!
大连网信软件有限公司© 版权所有